| 000 | 00567nam a22001577a 4500 | ||
|---|---|---|---|
| 003 | SGT | ||
| 020 | _a978817446277 | ||
| 082 | _a332.10681,GUL | ||
| 100 | _aGULATI,NEELAM.C. | ||
| 245 | _aPRINCIPLES OF BANKING MANAGMENT | ||
| 260 |
_aNEW DELHI _bEB _c2010 |
||
| 300 | _a404 | ||
| 650 | _aFINANCIAL ECONOMICS | ||
| 653 | _aINTRODUCTION TO BANKING,STRUCTURE OF INDIAN BANKING SYSTEM,THE RESERVE BANK OF INDIA,ELECTRONIC BANKING,BANK LOANS,EXPORT CREDIT,PROJECT AND WORKING CAPITAL FINANCE,BANKING LEGISLATION,BANKING PRODUCT,DEVELOPMENT BANKING | ||
| 942 |
_2ddc _cFCM _01 |
||
| 999 |
_c9206 _d9206 |
||